000 01123cam a22002891 4500
999 _c130316
_d130316
001 5948562
003 ARRUPE
005 20200206100017.0
008 750521s1933 enkcfj b 000 0deng
010 _a 33023938
035 _a(OCoLC)1348659
040 _aDLC
_cFO
_dOCoLC
_dDLC
050 0 0 _aDA480
_b.F8
082 _a929.7201
100 1 _aFulford, Roger,
_d1902-
_949408
245 1 0 _aRoyal dukes,
_bthe father and uncles of Queen Victoria,
_cby Roger Fulford.
260 _aLondon,
_bDuckworth
_c[1933]
300 _a320 p. incl. geneal. tables.
_bfront., plates, ports.
_c23 cm.
500 _aAmerican edition (New York, G.P. Putnam's Sons) has title: The wicked uncles, the father of Queen Victoria and his brothers.
504 _a"List of authorities": p. 312-317.
600 3 0 _aHanover, House of.
_949409
600 0 0 _aVictoria,
_cQueen of Great Britain,
_d1819-1901
_xFamily.
_949112
650 0 _aNobility
_zGreat Britain
_vBiography.
_948970
651 0 _aGreat Britain
_xCourt and courtiers
_xHistory
_y19th century.
_949359
906 _a7
_bcbc
_coclcrpl
_du
_encip
_f19
_gy-gencatlg
942 _2lcc
_cMONOGRAPH